000 00443nam a2200145Ia 4500
008 100415s9999 xx 000 0 und d
082 _b16609
_a574
100 _aShrivastav LK
245 _aBiology for Higher Secondary Course (Std. XII)
260 _aMUMBAI
_c1976
_bSHETH PUBLISHERS
365 _b0
630 _aBiology for Higher Secondary Course (Std. XII)
730 _aBiology for Higher Secondary Course (Std. XII)
942 _cBOOK
999 _c599507
_d599504